[Event "Tatry Open 2012"]
[Site "Tatranske Zruby SVK"]
[Date "2012.09.23"]
[Round "1.23"]
[White "Siebenburger,V"]
[Black "Bombek,P"]
[Result "1/2-1/2"]
[WhiteElo "2113"]
[BlackElo "2264"]

1.d4 d5 2.c4 e6 3.Nc3 c6 4.e3 Nf6 5.Nf3 Nbd7 6.b3 Bb4 7.Bd2 O-O 8.Bd3 b6
9.O-O Ba6 10.Qe2 Qe7 11.e4 dxe4 12.Nxe4 Bxd2 13.Nfxd2 Rad8 14.Rad1 Bb7 15.Rfe1 c5
16.d5 exd5 17.Nxf6+ Qxf6 18.cxd5 Qh6 19.Nc4 Nf6 20.d6 Nd5 21.Qd2 Qxd2 22.Rxd2 Nf4
23.Ne3 Rfe8 24.Red1 Kf8 25.Bf1 Re5 26.a4 Ne6 27.a5 Nd4 28.axb6 axb6 29.Kh1 Re6
30.Nc4 Bd5 31.Nxb6 Bxb3 32.Rc1 Rexd6 33.Nc4 Bxc4 34.Rxc4 Ne6 35.Rxd6 Rxd6
36.g3 Rd4 37.Rc2 Ke7 38.f4 Kd6 39.Kg1 Rd1 40.Kf2 Ra1 41.Rb2 Rc1 42.Rb6+ Kc7
43.Ra6 Rc2+ 44.Ke3 Rb2 45.Bc4 Rb6 46.Ra7+ Rb7 47.Ra6 Kd7 48.Bxe6+ fxe6 49.Kd3 Rb2
50.Ra7+ Kd6 51.Rxg7 Rxh2 52.Kc4 Rc2+ 53.Kd3 Rg2 54.Kc4 h5 55.Rg5 Rc2+ 56.Kd3 Rh2
57.Rg6 Ke7 58.Rg5 Rg2 59.Kc4 Rc2+ 60.Kd3 Ra2 61.Rxc5 Ra3+ 62.Ke4 Rxg3  1/2-1/2

[Event "Vladivostok Russian Cup 2012"]
[Site "Vladivostok RUS"]
[Date "2012.09.23"]
[Round "7.22"]
[White "Chkhan,V"]
[Black "Vilchenko,M"]
[Result "1/2-1/2"]
[WhiteElo "2031"]
[BlackElo "2248"]

1.d4 d5 2.c4 c6 3.Nf3 Nf6 4.Nc3 e6 5.e3 Nbd7 6.Bd3 dxc4 7.Bxc4 b5 8.Bd3 Bb7
9.e4 b4 10.Na4 c5 11.e5 Nd5 12.dxc5 Nxc5 13.Bb5+ Nd7 14.Bg5 Be7 15.Nc5 Bc8
16.Bxe7 Qxe7 17.Bc6 Qxc5 18.Bxa8 Ba6 19.Rc1 Qa5 20.Bc6 O-O 21.Qa4 Qxa4 22.Bxa4 N7b6
23.Bb3 Nf4 24.Rc7 Rd8 25.Rg1 Ne2 26.Rh1 Nf4 27.Rg1 Ne2 28.Rxa7 Nxg1 29.Rxa6 Nxf3+
30.gxf3 Rb8 31.f4 Nd7 32.Rc6 g5 33.Rc7 Rd8 34.f5 Nxe5 35.fxe6 Nf3+ 36.Kf1 Nd2+
37.Ke2 Nxb3 38.exf7+ Kf8 39.axb3 Rd6 40.Kf3 Rd3+ 41.Kg4 Rxb3 42.Kxg5  1/2-1/2

[Event "FIDE WGP Ankara 2012"]
[Site "Ankara TUR"]
[Date "2012.09.24"]
[Round "8"]
[White "Muzychuk,A"]
[Black "Stefanova,A"]
[Result "1/2-1/2"]
[WhiteElo "2606"]
[BlackElo "2502"]

1.d4 d5 2.c4 c6 3.Nc3 Nf6 4.e3 e6 5.Nf3 Nbd7 6.Qc2 Bd6 7.Bd3 O-O 8.O-O dxc4
9.Bxc4 a6 10.e4 e5 11.Rd1 Qc7 12.h3 b5 13.Bb3 exd4 14.Nxd4 Nc5 15.Bg5 b4
16.Bxf6 bxc3 17.e5 Nxb3 18.Qxb3 Bxe5 19.Bxe5 Qxe5 20.Nxc6 Qe4 21.Qxc3 Bb7
22.Rac1 Rfc8 23.Rd6 Rc7 24.Qa5 Bxc6 25.Rcxc6 Qxc6 26.Rxc6 Rxc6 27.b4 Rb8
28.Kh2 h6 29.a3 Rf6 30.f3 Re8 31.Qd5 Re3 32.a4 Ree6 33.Qd8+ Kh7 34.Qd3+ g6
35.Qd4 Rf5 36.Qc4 h5 37.Qc7 Kg7 38.Qc3+ Kh7 39.Qc7 Rff6 40.Qc4 Rc6 41.Qe4 Rfe6
42.Qd3 Rcd6 43.Qc4 Rc6 44.Qd3 Rcd6 45.Qc4 Rc6 46.Qd3  1/2-1/2

[Event "TCh-VIE 2012"]
[Site "Ho Chi Minh City VIE"]
[Date "2012.09.24"]
[Round "5.11"]
[White "Hoang Van Ngoc"]
[Black "Huynh Lam Binh Nguyen"]
[Result "1-0"]
[WhiteElo "2251"]
[BlackElo "2017"]

1.d4 d5 2.c4 c6 3.Nc3 Nf6 4.Nf3 e6 5.e3 Bd6 6.Bd3 dxc4 7.Bxc4 O-O 8.O-O b5
9.Bd3 Nbd7 10.e4 e5 11.Bg5 b4 12.Ne2 h6 13.Bh4 Re8 14.Qc2 Bb7 15.Rfd1 Qb6
16.dxe5 Nxe5 17.Bxf6 Nxf3+ 18.gxf3 gxf6 19.Bc4 Bxh2+ 20.Kg2 Qc7 21.Qd2 Re5
22.Qxh6 Rg5+ 23.Kh1 Ba6 24.Qxf6 Rg7 25.Bxa6 Be5 26.Qf5 Qe7 27.Ng1 Qh4+ 28.Nh3 Rh7  1-0

[Event "US Chess League 2012"]
[Site "ICC INT"]
[Date "2012.09.24"]
[Round "4"]
[White "Sinanan,J"]
[Black "Selzler,R"]
[Result "1-0"]
[WhiteElo "2227"]
[BlackElo "2200"]

1.d4 d5 2.c4 c6 3.Nf3 Nf6 4.Nc3 e6 5.e3 Nbd7 6.Qc2 Bd6 7.Bd3 dxc4 8.Bxc4 b5
9.Be2 Bb7 10.O-O O-O 11.Rd1 Qe7 12.e4 e5 13.Bg5 b4 14.dxe5 Nxe5 15.Nd4 Bc5
16.Na4 Bxd4 17.Rxd4 h6 18.Bxf6 Qxf6 19.Rxb4 Bc8 20.Rd1 Qg6 21.Qc3 Re8 22.Qg3 Qf6
23.Rbd4 Ng6 24.Bc4 Be6 25.Rd6 Nf4 26.Nc3 Rab8 27.b3 Qe5 28.Bf1 c5 29.Qe3 Qg5
30.Kh1 Bg4 31.f3 Bh5 32.g3 Ne6 33.f4 Qe7 34.Rd7 Qf8 35.R1d5 Bg4 36.h3 Nxf4
37.Qxf4 Bxd7 38.Rxd7 Rbd8 39.Rxa7 Re7 40.Rxe7 Qxe7 41.Nd5 Qa7 42.a4 Qa5 43.Bc4 Qe1+
44.Kg2 Kh8 45.h4 Re8 46.Ne3 f6 47.Bd5 Qd2+ 48.Qf2 Qc3 49.Nf5 c4 50.Qa7 Qc2+
51.Kh3  1-0

[Event "Vladivostok Russian Cup 2012"]
[Site "Vladivostok RUS"]
[Date "2012.09.25"]
[Round "9.18"]
[White "Vilchenko,M"]
[Black "Kharlov,A"]
[Result "0-1"]
[WhiteElo "2248"]
[BlackElo "2486"]

1.d4 d5 2.c4 c6 3.Nf3 Nf6 4.Nc3 e6 5.e3 a6 6.a3 Nbd7 7.Qc2 Bd6 8.b3 e5 9.dxe5 Nxe5
10.Nxe5 Bxe5 11.Bb2 dxc4 12.Bxc4 O-O 13.h3 Qe7 14.O-O Be6 15.Bd3 Rad8 16.Rad1 Rd7
17.f4 Bb8 18.e4 Ba7+ 19.Kh1 Ng4 20.Bc1 Rfd8 21.f5 Bxb3 22.Qxb3 Rxd3 23.Nd5 R8xd5
24.Rxd3 Rxd3 25.Qxd3 Nf2+ 26.Rxf2 Bxf2 27.e5 Bb6 28.Be3 Bc7 29.Bd4 Qd7 30.Qe4 b5
31.e6 fxe6 32.fxe6 Qd6 33.Kg1 Bd8 34.Qg4 g6 35.Qe4 Be7  0-1

[Event "Baku Open 2012"]
[Site "Baku AZE"]
[Date "2012.09.26"]
[Round "5.21"]
[White "Kazimova,N"]
[Black "Pourramezanali,A"]
[Result "1-0"]
[WhiteElo "2209"]
[BlackElo "2357"]

1.d4 d5 2.c4 e6 3.Nc3 Nf6 4.Nf3 c6 5.e3 Nbd7 6.Qc2 Bd6 7.g4 h6 8.Rg1 dxc4
9.Bxc4 b5 10.Be2 Bb7 11.h4 b4 12.Na4 c5 13.Nxc5 Bxc5 14.dxc5 Rc8 15.Bd2 Rxc5
16.Qd1 Qb6 17.a3 b3 18.Nd4 Bd5 19.Bb4 e5 20.Bxc5 Nxc5 21.Nf5 Nce4 22.f3 Qa5+
23.Kf1 Nd2+ 24.Kf2 g6 25.Ng3 O-O 26.g5 hxg5 27.hxg5 Nh7 28.Nf1 Nxf1 29.Qxf1 f6
30.Rd1 Bc6 31.gxf6 Rxf6 32.Qh3 Qc7 33.Qh6 Be4 34.Qh4 Qc6 35.Rh1 g5 36.Qg4 Rf8
37.Kg2 Qc2 38.Qxe4 Qxe2+ 39.Kg3 Nf6 40.Qg6+  1-0

[Event "TCh-VIE 2012"]
[Site "Ho Chi Minh City VIE"]
[Date "2012.09.26"]
[Round "8.3"]
[White "Bao Khoa"]
[Black "Tran Quoc Dung"]
[Result "1/2-1/2"]
[WhiteElo "2253"]
[BlackElo "2306"]

1.d4 d5 2.c4 c6 3.Nc3 Nf6 4.Nf3 e6 5.e3 Be7 6.Bd3 O-O 7.O-O Nbd7 8.b3 Re8
9.Bb2 h6 10.e4 dxe4 11.Nxe4 Nxe4 12.Bxe4 Nf8 13.Qe2 Bf6 14.Rfd1 Bd7 15.Rac1 Rc8
16.Bb1  1/2-1/2

[Event "TCh-VIE 2012"]
[Site "Ho Chi Minh City VIE"]
[Date "2012.09.26"]
[Round "8.1"]
[White "Hoang Van Ngoc"]
[Black "Dao Thien Hai"]
[Result "0-1"]
[WhiteElo "2251"]
[BlackElo "2526"]

1.d4 d5 2.c4 e6 3.Nc3 c6 4.e3 Nf6 5.Nf3 Nbd7 6.Bd3 dxc4 7.Bxc4 b5 8.Bd3 Bb7
9.O-O a6 10.e4 c5 11.d5 c4 12.Bc2 e5 13.Be3 Bd6 14.Ne2 Rc8 15.Ng3 g6 16.Bh6 Bf8
17.Bxf8 Kxf8 18.Qd2 h6 19.a4 Kg7 20.Nh4 Ne8 21.Nf3 Nd6 22.Qb4 Qb6 23.Kh1 a5
24.Qd2 b4 25.Ng1 Ba6 26.Rfe1 c3 27.bxc3 Rxc3 28.N1e2 Qxf2 29.Qd1 Rc7 30.Bd3 Bxd3
31.Qxd3 Nc5 32.Qb1 Qe3 33.Ng1 Nd3 34.Rf1 Nf2+ 35.Rxf2 Qxf2 36.Qd3 Qc2 37.Qa6 Nxe4
38.Nxe4 Qxe4 39.Rf1 Qxd5 40.Qf6+ Kh7 41.Nf3 Re8 42.h3 e4 43.Nd4 e3  0-1

[Event "TCh-VIE 2012"]
[Site "Ho Chi Minh City VIE"]
[Date "2012.09.26"]
[Round "9.4"]
[White "Tran Quoc Dung"]
[Black "Hoang Van Ngoc"]
[Result "0-1"]
[WhiteElo "2306"]
[BlackElo "2251"]

1.d4 d5 2.c4 e6 3.Nc3 c6 4.e3 Nf6 5.Nf3 Nbd7 6.Qc2 Bd6 7.b3 O-O 8.cxd5 exd5
9.Bd3 Re8 10.Bb2 Nf8 11.h3 Qe7 12.O-O Ne4 13.Ne5 Ng5 14.Nd1 f6 15.Ng4 Bxg4
16.hxg4 Ne4 17.g3 Ng6 18.Kg2 Qd7 19.Qe2 f5 20.gxf5 Qxf5 21.Rh1 Rf8 22.Qh5 Qxh5
23.Rxh5 Rae8 24.Rc1 Nxf2 25.Nxf2 Rxe3 26.Rg5 Rxf2+ 27.Kxf2 Rxd3 28.Re1 Rd2+
29.Re2 Rxe2+ 30.Kxe2 Ne7 31.Bc1 h6 32.Rh5 Bxg3 33.Kf3 Bd6 34.Bf4 Bb4 35.Rh2 a6
36.Kg4 Kf7 37.Re2 Ng8 38.Be5 Be7 39.b4 Nf6+ 40.Kf3 g5 41.Rb2 h5 42.a4 Nd7
43.Bc7 g4+ 44.Kf4 Kg6 45.b5 axb5 46.axb5 c5 47.b6 cxd4 48.Ra2 Bg5+ 49.Kg3 d3
50.Bf4 Nf6 51.Bxg5 Kxg5 52.Kf2 Kf4 53.Ra7 Ne4+ 54.Ke1 Ke3  0-1

[Event "21st TCh-CRO 1a 2012"]
[Site "Sibenik CRO"]
[Date "2012.09.26"]
[Round "4.12"]
[White "Lalic,B"]
[Black "Saric,Iv"]
[Result "1/2-1/2"]
[WhiteElo "2475"]
[BlackElo "2637"]

1.d4 d5 2.c4 e6 3.Nf3 Nf6 4.Nc3 c6 5.e3 Nbd7 6.Bd3 dxc4 7.Bxc4 b5 8.Bd3 a6
9.e4 c5 10.d5 Qc7 11.O-O Bb7 12.dxe6 fxe6 13.Bc2 c4 14.Ng5 Nc5 15.e5 Qxe5
16.Re1 Qd6 17.Qxd6 Bxd6  1/2-1/2

[Event "21st TCh-CRO 1b 2012"]
[Site "Sibenik CRO"]
[Date "2012.09.26"]
[Round "4.3"]
[White "Horvath,Cs1"]
[Black "Vavra,P1"]
[Result "1/2-1/2"]
[WhiteElo "2526"]
[BlackElo "2376"]

1.d4 d5 2.c4 c6 3.Nc3 Nf6 4.e3 e6 5.Nf3 Nbd7 6.Bd3 dxc4 7.Bxc4 b5 8.Bd3 a6
9.e4 c5 10.e5 cxd4 11.Nxb5 Ng4 12.Qa4 Ngxe5 13.Nxe5 Nxe5 14.Nd6+ Ke7 15.Nxc8+ Rxc8
16.Bxa6 Ra8 17.Qb5 Qd7 18.f4 Qxb5 19.Bxb5 Nd7 20.Bd2 Nc5 21.Ke2 Rb8 22.a4  1/2-1/2

[Event "21st TCh-CRO 1a 2012"]
[Site "Sibenik CRO"]
[Date "2012.09.26"]
[Round "4.42"]
[White "Postny,E"]
[Black "Roiz,M"]
[Result "1/2-1/2"]
[WhiteElo "2637"]
[BlackElo "2618"]

1.d4 d5 2.c4 c6 3.Nf3 Nf6 4.Nc3 e6 5.e3 Nbd7 6.Bd3 dxc4 7.Bxc4 b5 8.Bd3 Bd6
9.a3 O-O 10.O-O Bb7 11.Qc2 a5 12.e4 e5 13.Rd1 Qb8 14.h3 Re8 15.Be3 exd4 16.Nxd4 g6
17.Nf3 b4 18.Nb1 c5 19.Nbd2 Ne5 20.Nxe5 Bxe5 21.Rac1 Bh2+ 22.Kh1 Bf4 23.Re1 Bxe3
24.Rxe3 Qf4 25.Rf3 Qh4 26.Re1 Rad8 27.Kg1 Qg5 28.Rfe3 Nh5 29.Nf3 Qe7 30.Bb5 Rf8
31.Rc1 Rc8 32.Bc4  1/2-1/2

[Event "Tatry Open 2012"]
[Site "Tatranske Zruby SVK"]
[Date "2012.09.26"]
[Round "5.17"]
[White "Bombek,P"]
[Black "Paur,D"]
[Result "1-0"]
[WhiteElo "2264"]
[BlackElo "1988"]

1.d4 d5 2.Nf3 Nf6 3.c4 c6 4.e3 e6 5.Nc3 Nbd7 6.b3 Bd6 7.Be2 O-O 8.O-O e5
9.dxe5 Nxe5 10.cxd5 cxd5 11.Nxd5 Nxd5 12.Qxd5 Qe7 13.Bb2 Be6 14.Qe4 f5 15.Qa4 Bd5
16.Bxe5 Bxe5 17.Bc4 Bxc4 18.Qxc4+ Kh8 19.Rac1 h6 20.g3 Bf6 21.Rfd1 Rfd8 22.h4 Bb2
23.Rb1 Bf6 24.Qf4 Qa3 25.Rxd8+ Rxd8 26.Qxf5 Qxa2 27.g4 Rd5 28.Qxd5 Qxb1+
29.Kg2 Qg6 30.Kg3 Be7 31.Qxb7 Bd6+ 32.Kh3 h5 33.Qc8+ Kh7 34.Ng5+  1-0

[Event "Tatry Open 2012"]
[Site "Tatranske Zruby SVK"]
[Date "2012.09.26"]
[Round "5.66"]
[White "Kolesar,Mil"]
[Black "Bednar,Petr"]
[Result "1/2-1/2"]
[WhiteElo "2173"]
[BlackElo "1840"]

1.Nf3 Nf6 2.c4 e6 3.Nc3 d5 4.d4 c6 5.e3 Nbd7 6.Bd3 Bd6 7.O-O O-O 8.e4 dxe4
9.Nxe4 Nxe4 10.Bxe4 h6 11.b3 e5 12.dxe5 Nxe5 13.Bb2 Nxf3+ 14.Qxf3 Qg5 15.g3 Bh3
16.Rfe1 Bb4 17.Re3 Rad8  1/2-1/2

[Event "Tatry Open 2012"]
[Site "Tatranske Zruby SVK"]
[Date "2012.09.26"]
[Round "5.63"]
[White "Marko,J"]
[Black "Kebis,M"]
[Result "0-1"]
[WhiteElo "1761"]
[BlackElo "2002"]

1.d4 Nf6 2.c4 e6 3.Nc3 d5 4.e3 c6 5.Nf3 Bd6 6.b3 Nbd7 7.Be2 O-O 8.O-O b6
9.Bb2 dxc4 10.Bxc4 Bb7 11.Be2 Qe7 12.h3 Rfd8 13.Qc2 Rac8 14.Ne4 Bb8 15.Nxf6+ Nxf6
16.Rac1 h6 17.Rfd1 Nd5 18.Qb1 Qd6 19.g3 Nxe3 20.Rd3 Nf5 21.Ne5 Ba6 22.Nc4 Qe7
23.Ba3 c5 24.dxc5 bxc5 25.Bf1 Rxd3 26.Qxd3 Qg5 27.Qd2 Qf6 28.Bb2 Nd4 29.Bxd4 cxd4
30.Qa5 Bb7 31.Bg2 Bxg2 32.Kxg2 e5 33.Re1 Qc6+ 34.Kg1 e4 35.Qf5 Re8 36.Nd2 e3
37.Nf3 g6 38.Nxd4 Qc3 39.Qf3 Qxe1+  0-1

[Event "Tatry Open 2012"]
[Site "Tatranske Zruby SVK"]
[Date "2012.09.26"]
[Round "5.10"]
[White "Klemanic,E"]
[Black "Vul,A"]
[Result "1/2-1/2"]
[WhiteElo "2209"]
[BlackElo "2316"]

1.Nf3 Nf6 2.d4 d5 3.c4 e6 4.Nc3 c6 5.e3 Nbd7 6.Bd3 dxc4 7.Bxc4 b5 8.Be2 Bb7
9.a3 a6 10.b4 a5 11.Rb1 axb4 12.axb4 Nd5 13.Nxd5 exd5 14.Ne5 Bd6 15.f4 Qe7
16.Bd2 Ra4 17.O-O O-O 18.Nxd7 Qxd7  1/2-1/2

[Event "Tatry Open 2012"]
[Site "Tatranske Zruby SVK"]
[Date "2012.09.26"]
[Round "5.36"]
[White "Dobrowolski,H"]
[Black "Capak,S"]
[Result "0-1"]
[WhiteElo "1815"]
[BlackElo "2040"]

1.d4 d5 2.c4 e6 3.Nc3 c6 4.e3 Nf6 5.Nf3 Bd6 6.Be2 Nbd7 7.O-O O-O 8.c5 Bc7
9.b4 Qe7 10.Bb2 e5 11.dxe5 Nxe5 12.Nxe5 Qxe5 13.g3 Qf5 14.Bf3 Qh3 15.Bg2 Qh6
16.Bf3 Bf5 17.Qd4 Rfe8 18.Qh4 Qxh4 19.gxh4 Ne4 20.Rad1 Re6 21.Ne2 Rh6 22.Ng3 Bh3
23.Bg2 Bxg2 24.Kxg2 Rxh4 25.a3 Rh6 26.f4 Re8 27.Nxe4 Rxe4 28.Bd4 Bd8 29.Rf3 Bf6
30.a4 Bxd4 31.Rxd4 Rhe6 32.Kf2 Rxd4 33.exd4 Re4 34.Rd3 Rxf4+ 35.Ke2 f5 36.b5 Re4+
37.Kd2 g5 38.Kc3 f4 39.bxc6 bxc6 40.Kb4 Re3 41.Rd1 f3 42.Ka5 g4 43.Ka6 Re7
44.a5 h5 45.Rb1 f2 46.Rf1 Rf7  0-1

[Event "1st Simon Bolivar Open 2012"]
[Site "San Cristobal VEN"]
[Date "2012.09.27"]
[Round "4.6"]
[White "Leitao,R"]
[Black "Borges Mateos,J"]
[Result "1-0"]
[WhiteElo "2623"]
[BlackElo "2453"]

1.d4 e6 2.c4 d5 3.Nf3 Nf6 4.Nc3 c6 5.e3 Nbd7 6.Qc2 a6 7.b3 b5 8.Bd3 Be7 9.e4 bxc4
10.bxc4 dxe4 11.Nxe4 c5 12.O-O O-O 13.Ne5 cxd4 14.Nc6 Qe8 15.Bf4 e5 16.Nxe5 Nh5
17.Nxd7 Qxd7 18.Bd2 Bb7 19.Rab1 Rac8 20.Rfe1 Rfe8 21.f3 g6 22.Re2 Nf6 23.Nxf6+ Bxf6
24.Rxe8+ Rxe8 25.Re1 Rxe1+ 26.Bxe1 Be5 27.Bg3 Bxg3 28.hxg3 Qc7 29.Kf2 Qc5
30.Qb2 Bc8 31.a3 Be6  1-0

[Event "21st TCh-CRO w 2012"]
[Site "Sibenik CRO"]
[Date "2012.09.27"]
[Round "6.32"]
[White "Medic,Mir"]
[Black "Lukenda,T"]
[Result "0-1"]
[WhiteElo "2185"]
[BlackElo "2147"]

1.d4 d5 2.c4 e6 3.Nc3 Nf6 4.Nf3 c6 5.e3 Bd6 6.Qc2 O-O 7.Bd3 Nbd7 8.O-O dxc4
9.Bxc4 e5 10.Rd1 Qe7 11.dxe5 Nxe5 12.Nxe5 Qxe5 13.f4 Qe7 14.Bd3 Bc5 15.Re1 Ng4
16.Bxh7+ Kh8 17.Be4 f5 18.Bf3 Nxh2 19.Qf2 Nxf3+ 20.Qxf3 Be6 21.Bd2 Rad8 22.Rad1 Kg8
23.b3 Bb4 24.Nb1 Bd5 25.Bxb4 Qxb4 26.Qf2 Be4 27.Rc1 Rd3 28.Rc4 Qa5 29.Rd4 Rd8
30.b4 Qb6 31.Rxd8+ Qxd8 32.Qg3 Qd6 33.a3 Rb3 34.Qf2 Bxb1  0-1

[Event "Tatry Open 2012"]
[Site "Tatranske Zruby SVK"]
[Date "2012.09.27"]
[Round "6.61"]
[White "Czajkowski,R"]
[Black "Lauko,M"]
[Result "1-0"]
[WhiteElo "2111"]
[BlackElo "1914"]

1.d4 d5 2.c4 e6 3.Nf3 Nf6 4.Nc3 c6 5.e3 Nbd7 6.Bd3 g6 7.Rb1 Bg7 8.O-O O-O
9.h3 Re8 10.b4 dxc4 11.Bxc4 b5 12.Bd3 Bb7 13.Bb2 Nd5 14.a3 N7b6 15.Ne4 Na4
16.Nc5 Nxc5 17.bxc5 a5 18.Qd2 Qc7 19.g3 Bh6 20.Ne5 Bg7 21.e4 Ne7 22.f4 f5
23.Ba1 fxe4 24.Bxe4 Rad8 25.Bc3 Ra8 26.Rf2 Red8 27.Kg2 Nd5 28.Ba1 Rf8 29.Re2 Rad8
30.Rbe1 Bc8 31.Nf3 Ne7 32.Bb1 Bf6 33.Bc3 b4 34.axb4 Nd5 35.bxa5 Qa7 36.Ba2 Bd7
37.Ne5 Bxe5 38.Rxe5 Ra8 39.Bc4 Nxc3 40.Qxc3 Qxa5 41.Qxa5 Rxa5 42.Bxe6+ Bxe6
43.Rxe6 Ra2+ 44.Kf3 Ra3+ 45.R1e3 Ra4 46.Rd3 Rc8 47.g4 Kf7 48.f5 Rc7 49.Ke4 Ra1
50.Ke5 gxf5 51.gxf5 Rf1 52.Rb3 Rd1 53.Rb6 Rd7 54.Rf6+ Kg7 55.Rd6 Re1+ 56.Kf4 Rf1+
57.Kg5 Rg1+ 58.Kh5 Rf7 59.f6+ Rxf6 60.Rxf6 Kxf6 61.Rxc6+ Kf5 62.Rd6 Rc1 63.h4 Rh1
64.c6 Rc1 65.d5  1-0

[Event "Baku Open 2012"]
[Site "Baku AZE"]
[Date "2012.09.28"]
[Round "7.25"]
[White "Kazimova,N"]
[Black "Musaev,E"]
[Result "0-1"]
[WhiteElo "2209"]
[BlackElo "2226"]

1.Nf3 Nf6 2.c4 c6 3.d4 d5 4.e3 e6 5.Nc3 Bd6 6.Qc2 Nbd7 7.g4 h6 8.Rg1 e5 9.cxd5 Nxd5
10.dxe5 Nxe5 11.Nxe5 Bxe5 12.Qe4 Qe7 13.Nxd5 cxd5 14.Bb5+ Kf8 15.Qxd5 Bxh2
16.Rg2 Bd6 17.Bd2 Be6 18.Qe4 Rc8 19.Bd3 h5 20.g5 h4 21.f4 h3 22.Rh2 Rc5 23.Bc3 Rh4
24.a3 a5 25.O-O-O Be5 26.Qxe5 Rxe5 27.Bxe5 f6 28.gxf6 gxf6 29.Bd4 Bg4 30.Rg1 Qe6
31.Kb1 Bf5 32.Bxf5 Qxf5+ 33.Ka1 Rg4 34.Rgh1 Rg3 35.Bc3 Rxe3  0-1

[Event "34th Rashid Nezhmetdinov Cup"]
[Site "Kazan RUS"]
[Date "2012.09.28"]
[Round "3.3"]
[White "Frolyanov,D"]
[Black "Iskusnyh,S"]
[Result "1/2-1/2"]
[WhiteElo "2560"]
[BlackElo "2486"]

1.d4 d5 2.c4 c6 3.Nc3 Nf6 4.e3 e6 5.Nf3 a6 6.c5 b6 7.cxb6 Nbd7 8.Qc2 Nxb6
9.Bd2 c5 10.Rc1 cxd4 11.exd4 Bd6 12.Bd3 O-O 13.Bg5 h6 14.Bh4 Bf4 15.Rd1 Nbd7
16.O-O a5 17.Qe2 Qb6 18.Ne5 Nxe5 19.Bxf6 Nxd3 20.Qg4 Bg5 21.Bxg5 hxg5 22.Rxd3 Ba6
23.Rg3 Bxf1 24.Qxg5 g6 25.Qf6 Qd8 26.Rxg6+ fxg6 27.Qxg6+ Kh8 28.Qh6+ Kg8
29.Qg6+ Kh8 30.Qh6+ Kg8  1/2-1/2

[Event "Tatry Open 2012"]
[Site "Tatranske Zruby SVK"]
[Date "2012.09.28"]
[Round "7.63"]
[White "Ondercin,Martin"]
[Black "Fuchs,Lu"]
[Result "1/2-1/2"]
[WhiteElo "1764"]
[BlackElo "2016"]

1.d4 d5 2.c4 e6 3.Nc3 Nf6 4.Nf3 c6 5.e3 Nbd7 6.cxd5 exd5 7.Bd3 Bd6 8.O-O O-O
9.Qc2 h6 10.b3 g5 11.e4 dxe4 12.Nxe4 Nxe4 13.Bxe4 Nf6 14.Bd3 Nd5 15.Ne5 Qc7
16.f4 f6 17.Ng6 Re8 18.h4 gxh4 19.Nxh4 Nxf4 20.Bxf4 Bxf4 21.Rxf4 Qxf4 22.Bh7+ Kf7
23.Qg6+ Ke7 24.Re1+ Be6 25.Nf5+ Kd7 26.Qxf6 Bxf5 27.Bxf5+ Kc7 28.Qf7+ Kb6
29.Rxe8 Rxe8 30.Qxe8 Qxf5 31.Qe3 Qf6 32.d5+ c5 33.Kh1 Qh4+ 34.Kg1 Qd4 35.Kf2 Qxe3+
36.Kxe3 Kc7 37.Kf4 b5 38.Ke5 Kd7 39.a4 a6 40.g4 Ke7 41.d6+ Kd7 42.Kd5 c4
43.bxc4 bxc4 44.Kxc4 Kxd6  1/2-1/2

[Event "30th Balaton IM"]
[Site "Heviz HUN"]
[Date "2012.09.29"]
[Round "7.2"]
[White "Titz,Hei"]
[Black "Csonka,B"]
[Result "0-1"]
[WhiteElo "2168"]
[BlackElo "2287"]

1.c4 Nf6 2.Nc3 e6 3.Nf3 d5 4.d4 c6 5.e3 Nbd7 6.Qc2 b6 7.Be2 Bb7 8.O-O Be7
9.e4 dxe4 10.Nxe4 c5 11.Nc3 cxd4 12.Nxd4 a6 13.Rd1 Qc7 14.Bg5 O-O 15.Bh4 Bd6
16.Bg3 Bxg3 17.hxg3 Rfd8 18.Rac1 Rac8 19.b3 Ne5 20.Qd2 Neg4 21.Bxg4 Nxg4
22.Qe2 Ne5 23.Nf3 Nxf3+ 24.gxf3 h6 25.Rxd8+ Rxd8 26.Rd1 Rxd1+ 27.Qxd1 Qe5
28.Qd8+ Kh7 29.Qd3+ f5 30.Kg2 Bc6 31.Qe3 Qd6 32.Kf1 g5 33.f4 gxf4 34.gxf4 h5
35.Ke1 h4 36.Ne2 Bg2 37.Ng1 Qb4+ 38.Kd1 Qd6+ 39.Ke1 Kg6 40.a3 a5 41.Ne2 h3
42.Qg3+ Kf7 43.Qh4 Qxa3 44.Qh5+ Ke7 45.Qg5+ Kd7 46.Qg7+ Qe7 47.Qh8 Qb4+ 48.Kd1 Qxb3+
49.Kd2 Qb4+ 50.Ke3 Qa3+ 51.Kd2 Kc7 52.Qg7+ Kb8 53.Qg8+ Ka7 54.Qxe6 Qb2+ 55.Ke3 h2  0-1

[Event "21st TCh-CRO 1a 2012"]
[Site "Sibenik CRO"]
[Date "2012.09.29"]
[Round "7.33"]
[White "Cvitan,O"]
[Black "Rogic,D"]
[Result "1/2-1/2"]
[WhiteElo "2527"]
[BlackElo "2578"]

1.d4 d5 2.c4 c6 3.Nc3 Nf6 4.e3 e6 5.Nf3 Nbd7 6.Qc2 Bd6 7.Bd3 a6 8.O-O dxc4
9.Bxc4 Qc7 10.Ne4 Nxe4 11.Qxe4 c5 12.Bd3 Nf6 13.Qh4 Bd7 14.dxc5  1/2-1/2

[Event "21st TCh-CRO 1b 2012"]
[Site "Sibenik CRO"]
[Date "2012.09.29"]
[Round "7.1"]
[White "Georgiev,Vl"]
[Black "Horvath,Cs1"]
[Result "1/2-1/2"]
[WhiteElo "2566"]
[BlackElo "2526"]

1.d4 d5 2.c4 e6 3.Nc3 c6 4.e3 Nf6 5.Nf3 Nbd7 6.Qc2 Bd6 7.Bd3 dxc4 8.Bxc4 O-O
9.O-O b5 10.Be2 Bb7 11.Rd1 Qc7 12.Bd2 Rfe8 13.Rac1 a6 14.h3 e5 15.dxe5 Nxe5
16.Nxe5 Bxe5 17.Bf3 c5 18.Bxb7 Qxb7 19.Ne2 Ne4 20.Be1 Rac8 21.f3 Nf6 22.e4 c4
23.Bh4 Nd7 24.b4 Bb8 25.f4  1/2-1/2

[Event "21st TCh-CRO w 2012"]
[Site "Sibenik CRO"]
[Date "2012.09.29"]
[Round "8.14"]
[White "Cvitan,Ena"]
[Black "Ivekovic,T"]
[Result "0-1"]
[WhiteElo "1678"]
[BlackElo "2020"]

1.d4 d5 2.c4 c6 3.e3 Nf6 4.Nc3 e6 5.Nf3 Bd6 6.Bd3 dxc4 7.Bxc4 b5 8.Bd3 Bb7
9.O-O Nbd7 10.e4 e5 11.Bg5 O-O 12.dxe5 Nxe5 13.Nxe5 Bxe5 14.f4 Bd4+ 15.Kh1 h6
16.Bh4 Qd7 17.e5 Nd5 18.Bh7+ Kxh7 19.Qxd4 Qg4 20.Bg3 Nxc3 21.Qxc3 Rfd8 22.Qc2+ Kg8
23.Rad1 c5 24.Rxd8+ Rxd8 25.Qf2 Rd4 26.Kg1 Qd7 27.Qe3 Qc6 28.Qf3 Qa6 29.Qa3 Qg6
30.f5 Qc6 31.Qf3 Qb6 32.Qe3 Re4 33.Qd3 c4+ 34.Bf2 Qxf2+ 35.Rxf2 cxd3  0-1

[Event "Oslo GM Open 2012"]
[Site "Oslo NOR"]
[Date "2012.09.30"]
[Round "3.15"]
[White "Hauge,Lars Oskar"]
[Black "Hole,O"]
[Result "1/2-1/2"]
[WhiteElo "2174"]
[BlackElo "2366"]

1.c4 c6 2.Nf3 d5 3.e3 Nf6 4.Nc3 e6 5.d4 Nbd7 6.Bd3 dxc4 7.Bxc4 b5 8.Bd3 Bb7
9.O-O a6 10.e4 c5 11.d5 c4 12.Bc2 Qb6 13.dxe6 fxe6 14.e5 Nd5 15.Ng5 O-O-O
16.Nxd5 Bxd5 17.Nf7 Nxe5 18.Nxd8 Qxd8 19.Bf4 Qf6 20.Bg3 Bc5 21.Qe2 Nc6 22.Be4 h5
23.Bxd5 exd5 24.Rfe1 h4 25.Qg4+ Kd8 26.Bf4 Ne7 27.Rad1 Bxf2+ 28.Kxf2 Rf8
29.Re6 Qxf4+ 30.Qxf4 Rxf4+ 31.Ke3 g5 32.Rxa6 Nf5+ 33.Kd2 d4 34.a4 Rf2+ 35.Kc1 d3
36.Rd2 Rf1+ 37.Rd1 Rf2 38.Rd2 Rf1+ 39.Rd1 Rf2  1/2-1/2

[Event "21st TCh-CRO 1a 2012"]
[Site "Sibenik CRO"]
[Date "2012.09.30"]
[Round "8.26"]
[White "Jankovic,A"]
[Black "Ascic,P"]
[Result "1-0"]
[WhiteElo "2540"]
[BlackElo "2303"]

1.d4 Nf6 2.c4 e6 3.Nc3 d5 4.Nf3 c6 5.e3 Nbd7 6.Qc2 Be7 7.g4 dxc4 8.Bxc4 b5
9.Be2 Bb7 10.Bd2 a6 11.g5 Nd5 12.Ne4 Qb6 13.Rc1 Nb4 14.Qb3 a5 15.a3 a4 16.Qxb4 Bxb4
17.Bxb4 O-O-O 18.Nd6+ Kb8 19.Nxf7 Ka8 20.Rg1 Rhe8 21.Rg4 Rc8 22.Nd6 Nb8 23.Rf4 Red8
24.Nxc8 Rxc8 25.Ne5 Na6 26.Rf7 Nxb4 27.axb4 Rc7 28.Rf8+ Ka7 29.Bf3 g6 30.Re8 Qa6
31.Rc3 c5 32.Bg4 Bd5 33.dxc5 Qb7 34.Rd3 Re7 35.Rxe7 Qxe7 36.Rxd5  1-0

[Event "Tatry Open 2012"]
[Site "Tatranske Zruby SVK"]
[Date "2012.09.30"]
[Round "9.37"]
[White "Ondercin,Martin"]
[Black "Capak,S"]
[Result "1/2-1/2"]
[WhiteElo "1764"]
[BlackElo "2040"]

1.d4 d5 2.c4 e6 3.Nc3 c6 4.e3 Nf6 5.Nf3 Bd6 6.Bd3 Nbd7 7.O-O Qe7 8.e4 dxe4
9.Nxe4 Nxe4 10.Bxe4 O-O 11.Re1  1/2-1/2

[Event "TCh-Belgrade Premier 2012"]
[Site "Belgrade SRB"]
[Date "2012.10.01"]
[Round "1.3"]
[White "Dimic,P"]
[Black "Radusinovic,L"]
[Result "1-0"]
[WhiteElo "2185"]
[BlackElo "2326"]

1.d4 d5 2.Nf3 Nf6 3.c4 c6 4.e3 e6 5.Nc3 Bd6 6.Bd3 O-O 7.O-O Nbd7 8.e4 dxe4
9.Nxe4 Nxe4 10.Bxe4 f5 11.Bc2 e5 12.Bg5 Be7 13.Bxe7 Qxe7 14.Nxe5 Nxe5 15.Re1 Qb4
16.Rxe5 Qxb2 17.Rb1 Qa3 18.c5 Kh8 19.Re7 Qxa2 20.Bb3 Qa5 21.Qe2 Bd7 22.Qe5 Rf6
23.Rxd7 b5 24.Qe7 Rg6 25.Bf7 Rf6 26.Be8  1-0

[Event "21st TCh-CRO 1a 2012"]
[Site "Sibenik CRO"]
[Date "2012.10.01"]
[Round "9.43"]
[White "Kozul,Z"]
[Black "Rogic,D"]
[Result "1-0"]
[WhiteElo "2616"]
[BlackElo "2578"]

1.d4 d5 2.c4 c6 3.e3 Nf6 4.Nc3 e6 5.Nf3 Nbd7 6.Qc2 Bd6 7.g4 h6 8.h3 dxc4
9.e4 e5 10.Bxc4 exd4 11.Nxd4 Ne5 12.Be2 g5 13.Be3 Qe7 14.O-O-O a6 15.Qd2 Bb4
16.f3 Rg8 17.a3 Ba5 18.Nb3 Bc7 19.Bc5 Qd8 20.Qc2 Nfd7 21.Bg1 Bb6 22.Nd4 Qc7
23.Bh2 Nf8 24.Nf5 Rg6 25.Na4 Ba7 26.Qc3 f6 27.Nd6+ Ke7 28.h4 Ne6 29.hxg5 Rxg5
30.f4 Nd4 31.Rxd4 Bxd4 32.Nxc8+ Rxc8 33.Qxd4 c5 34.Qc3  1-0

[Event "13th Karpov GM"]
[Site "Poikovsky RUS"]
[Date "2012.10.02"]
[Round "5"]
[White "Onischuk,Al"]
[Black "Rublevsky,S"]
[Result "1/2-1/2"]
[WhiteElo "2672"]
[BlackElo "2693"]

1.d4 d5 2.c4 c6 3.Nc3 Nf6 4.e3 e6 5.Nf3 a6 6.c5 Nbd7 7.Bd3 e5 8.Be2 exd4
9.exd4 Be7 10.O-O O-O 11.Bf4 Nh5 12.Be3 g6 13.Qd2 Ng7 14.Bf4 Ne6 15.Bh6 Re8
16.Rfe1 a5 17.Rad1  1/2-1/2